| 000 | 00598nam a2200217Ia 4500 | ||
|---|---|---|---|
| 003 | OSt | ||
| 005 | 20260220123800.0 | ||
| 008 | 210210b xxu||||| |||| 00| 0 eng d | ||
| 040 | _cAL | ||
| 041 | _aHindi | ||
| 082 | _a463/24 | ||
| 100 |
_aMISRA (Vrajakishor) _dमिश्रा (व्रजकिशोर) _9256083 |
||
| 245 |
_aRashtra bhasha kosh _bराष्ट्र भाषा कोष |
||
| 260 |
_aLucknow _b- |
||
| 650 |
_aRashtra _9256084 |
||
| 650 |
_akosh _9256085 |
||
| 650 |
_abhasha _9256086 |
||
| 690 |
_aHindi Dictionary _9256087 |
||
| 906 | _a006819 | ||
| 942 |
_2ddc _cBK |
||
| 999 |
_c140899 _d140899 |
||